00502nam a2200193 a 4500001001300000003000900013005001700022008004100039020001200080082001500092100001800107245006100125260003200186300000900218500003500227505001300262650001500275700001800290nice12345678IN_TiNIC20260116015147.0050524s1956 newa grp 000 0 eng  ac117.600a923.2bJAC aJack, Homer A aGandhi Readerb : a Source Book of His Life and Writings aNew YorkbGrove Pressc1956 a278p aincludes index and biblioraphy2 aGlossary aGandhi M K1 aJack, Homer A